000
00272nam a22001337a 4500
008
171023b xxu||||| |||| 00| 0 eng d
020
_a
094335872
041
_a
eng
080
_a
311
100
_a
55
101
_a
STA
245
_a
STATISTICS
_c
LEVY.H
942
_2
udc
_c
BK
999
_c
35485
_d
35485